Haceres, quehaceres y deshaceres : (Record no. 27219)

MARC details
000 -CABECERA
campo de control de longitud fija 00892nam a2200241 a 4500
005 - FECHA Y HORA DE LA ÚLTIMA TRANSACCIÓN
campo de control 20240924065141.0
008 - ELEMENTOS DE LONGITUD FIJA--INFORMACIÓN GENERAL
campo de control de longitud fija 991125s1992 mx 000 0 spa u
035 ## - NÚMERO DE CONTROL DEL SISTEMA
Número de control de sistema UPN01000027219
049 ## - COLECCIÓN
Colección I
050 #4 - SIGNATURA TOPOGRÁFICA DE LA BIBLIOTECA DEL CONGRESO
Número de clasificación LB1590 M6
Número de documento/Ítem H34 1992
245 00 - MENCIÓN DE TÍTULO
Título Haceres, quehaceres y deshaceres :
Resto del título con la lengua escrita en la escuela primaria /
Mención de responsabilidad, etc. Emilia Ferreiro ... [et al.].
260 ## - PUBLICACIÓN, DISTRIBUCIÓN, ETC.
Lugar de publicación, distribución, etc. México :
Nombre del editor, distribuidor, etc. SEP, Libros del Rincón,
Fecha de publicación, distribución, etc. 1992.
300 ## - DESCRIPCIÓN FÍSICA
Extensión 72 p. :
Otras características físicas il.
440 #0 - MENCIÓN DE SERIE/ASIENTO SECUNDARIO--TÍTULO
Título Biblioteca del maestro
500 ## - NOTA GENERAL
Nota general "Cuadernos de aula"
500 ## - NOTA GENERAL
Nota general "Decada de la alfabetización"
500 ## - NOTA GENERAL
Nota general Título original: Haceres, quehaceres y deshaceres con la lengua escrita en la escuela rural
650 #4 - ASIENTO SECUNDARIO DE MATERIA - TERMINO TEMATICO
Término de materia o nombre geográfico como elemento de entrada Educación rural
Subdivisión geográfica México
9 (RLIN) 4430
650 #4 - ASIENTO SECUNDARIO DE MATERIA - TERMINO TEMATICO
Término de materia o nombre geográfico como elemento de entrada Escritura
Subdivisión general Estudio y enseñanza (Elemental)
9 (RLIN) 2804
700 1# - ASIENTO SECUNDARIO--NOMBRE DE PERSONAL
Nombre de persona Ferreiro, Emilia,
Fechas asociadas al nombre 1937-
Término indicativo de función/relación coaut.
9 (RLIN) 30158
905 ## - TIPO DE MATERIAL
Tipo de material Infantil
Holdings
Estado de retiro Estado de pérdida Fuente del sistema de clasificación o colocación Estado dañado No para préstamo Código de colección Localización permanente Ubicación/localización actual Ubicación en estantería Fecha de adquisición Clasificación Código de barras Fecha visto por última vez Número de copia Tipo de ítem Koha
    Library of Congress Classification     Infantil Bib. Gregorio Torres Quintero Bib. Gregorio Torres Quintero Sala infantil Planta baja 11/05/2023 LB1590 M6 H34 1992 161115 31/12/2020 1 Libro